Statistics for Billboard Top 100 2021

Click here to take the quiz!

General Stats

  • This quiz has been taken 22 times
  • The average score is 23 of 100

Answer Stats

NumberArtistSong% Correct
8Olivia Rodrigodrivers license
85%
5Olivia Rodrigogood 4 u
85%
3The WeekndBlinding Lights
80%
1Dua LipaLevitating
75%
12The Kid LAROI & Justin BieberStay
75%
24Lil Nas X & Jack HarlowIndustry Baby
70%
2The Weeknd & Ariana GrandeSave Your Tears
70%
16Glass AnimalsHeat Waves
65%
15Ed SheeranBad Habits
60%
66ManeskinBeggin'
60%
11BTSButter
60%
6Doja Cat ft SZAKiss Me More
60%
29Saweetie ft Doja CatBest Friend
55%
41BTSDynamite
55%
13Olivia Rodrigodeja vu
50%
7Silk SonicLeave The Door Open
50%
9Lil Nas XMontero (Call Me By Your Name)
50%
14Ariana GrandePositions
50%
94Billie EilishHappier Than Ever
45%
10Justin Bieber ft Daniel Caesar & GiveonPeaches
45%
21Ariana Grande ft Doja Cat & Megan Thee Stallion34+35
40%
78Mariah CareyAll I Want For Christmas Is You
40%
424kGoldn ft iann diorMood
40%
38Olivia Rodrigotraitor
40%
43Doja Cat & The WeekndYou Right
40%
34Maroon 5 fr Megan Thee StallionBeautiful Mistakes
35%
17The Kid LAROIWithout You
35%
37Tate McRaeYou Broke Me First.
35%
20Masked WolfAstronaut In The Ocean
30%
56AJRBang!
30%
40Gabby Barrett ft Charlie PuthI Hope
30%
65Justin Bieber & benny blancoLonely
30%
87Ariana Grandepov
30%
26Cardi BUp
30%
82Duncan LaurenceArcade
25%
73Ava MaxKings & Queens
25%
23Machine Gun Kelly X blackbearMy Ex's Best Friend
25%
46Doja CatNeed To Know
25%
71Megan Thee StallionThot Sh*t
25%
54Megan Thee StallionBody
20%
92Brenda LeeRockin' Around The Christmas Tree
20%
49Kali UchisTelepatia
20%
25Billie EilishTherefore I Am
20%
77Megan Thee Stallion ft DaBabyCry Baby
15%
60Wizkid ft Justin Bieber & TemsEssence
15%
27Walker HayesFancy Like
15%
19Chris Brown & Young ThugGo Crazy
15%
52SZAGood Days
15%
35Justin Bieber ft Chance The RapperHoly
15%
51Internet Money & Gunna ft Don Toliver & NAVLemonade
15%
67Doja CatStreets
15%
22Pop SmokeWhat You Know Bout Love
15%
55Taylor SwiftWillow
15%
74Justin BieberAnyone
10%
33Lil Tjay ft 6LACKCalling My Phone
10%
28Bad Bunny & Jhay CortezDakiti
10%
31GiveonHeartbreak Anniversary
10%
63Marshmello X Jonas BrothersLeave Before You Love Me
10%
70Nelly & Florida Georgia LineLil Bit
10%
30Polo GRapstar
10%
100Rauw AlejandroTodo de Ti
10%
47Drake ft Lil BabyWants And Needs
10%
50CJWhoopty
10%
39Pooh Shiesty ft Lil DurkBack In Blood
5%
44SpottemGottem ft Pooh Shiesty or DaBabyBeat Box
5%
18Luke CombsForever After All
5%
32Pop Smoke ft Lil Baby & DaBabyFor The Night
5%
84Niko MoonGood Time
5%
91Eric ChurchHell Of A View
5%
86Drake ft 21 Savage & Project PatKnife Talk
5%
72Roddy RicchLate At Night
5%
45Drake ft Lil DurkLaugh Now Cry Later
5%
93Ritt MomneyPut Your Records On
5%
89The WeekndTake My Breath
5%
62Gabby BarrettThe Good Ones
5%
75MooskiTrack Star
5%
48Drake ft Future & Young ThugWay 2 Sexy
5%
90Dua LipaWe're Good
5%
68DrakeWhat's Next
5%
83Bad BunnyYonaguni
5%
57Luke CombsBetter Together
0%
61Ryan Hurd With Maren MorrisChasing After You
0%
99Chase Rice ft Florida Georgia LineDrinkin' Beer. Talkin' God. Amen
0%
59DJ Khaled ft Lil Baby & Lil DurkEvery Chance I Get
0%
69Chris Young + Kane BrownFamous Friends
0%
64Dan + ShayGlad You Exist
0%
85Jason Aldean & Carrie UnderwoodIf I Didn't Love You
0%
88Parmalee x Blanco BrownJust The Way
0%
79Coi Leray ft Lil DurkNo More Parties
0%
81Keith Urban Duet with P!nkOne Too Many
0%
36Lil BabyOn Me
0%
95Cole SwindellSingle Saturday Night
0%
53Chris StapletonStarting Over
0%
96Lainey WilsonThings A Man Oughta Know
0%
97BRS KashThroat Baby (Go Baby)
0%
76Moneybagg YoTime Today
0%
98Rod WaveTombstone
0%
80Thomas RhettWhat's Your Country Song
0%
42Moneybagg YoWockesha
0%
58Yung Bleu ft DrakeYou're Mines Still
0%

Score Distribution

Percentile by Number Answered

Percent of People with Each Score

Your Score History

You have not taken this quiz